[Event "EU-chT (Men) 16th"]
[Site "Heraklion"]
[Date "2007.11.03"]
[Round "6.4"]
[White "Rodshtein, Maxim"]
[Black "Jakovenko, Dmitrij"]
[Result "0-1"]
[WhiteElo "2615"]
[BlackElo "2710"]
[PlyCount "63"]
[EventDate "2007.10.28"]
[EventType "team-swiss"]
[EventRounds "9"]
[EventCountry "GRE"]
[SourceTitle "CBM 121"]
[Source "ChessBase"]
[SourceDate "2007.11.14"]
[SourceVersion "1"]
[SourceVersionDate "2007.11.14"]
[SourceQuality "1"]
[WhiteTeam "Israel"]
[BlackTeam "Russia"]
[WhiteTeamCountry "ISR"]
[BlackTeamCountry "RUS"]

1. d4 {Aronian,Levon} Nf6 2. c4 e6 3. Nf3 d5 4. Bg5 h6 5. Bxf6 Qxf6 6. Nbd2 dxc4 ({RR} 6... Nd7 7. Rc1 c6 8. a3 g5 9. h3 ({RR} 9. e3 Bg7) ({RR} 9. e4 g4 10. e5 Qd8 ({RR} 10... Qf5 11. Ng1 ({RR} 11. Nh4 Qf4 12. Nb3 Be7) 11... c5 12. cxd5 cxd4 13. dxe6 Qxe5+ 14. Qe2 fxe6) 11. Ng1 Qb6 12. Nb3 a5 ({RR} 12... c5 13. Bd3 cxd4 14. f4) 13. c5 Qd8 14. Nd2 Rg8) 9... h5 10. cxd5 ({RR} 10. e4 g4 11. e5 Qg7) 10... exd5 11. e4 g4 12. e5 Qg7 13. Nh4 Qg5 14. g3 f6 15. e6 Nb6 16. Rc3 ({RR} 16. Bd3 Bxe6 17. Ng6 Rg8) 16... Bxe6 17. Re3 Kd7 ({RR} 17... Qg8 18. Ng6 Bh6 ({RR} 18... Qxg6 19. Bd3 f5 20. hxg4) 19. Nxh8 Bxe3 20. fxe3 Qxh8 21. hxg4 Qg7 22. g5) 18. Bd3 Re8 ({RR} 18... Nc4 19. Bxc4 dxc4 20. Ne4 Qa5+ 21. Kf1) ({RR} 18... Bd6 19. Rxe6 Kxe6 20. Nf5 Kd7) 19. Ng6 Rg8 ({RR} 19... Nc4 20. h4 Qh6 ({RR} 20... Nxe3 21. Qb3 Qh6 22. Qxb7+ Kd6 23. Nxh8) 21. Nxc4 dxc4 22. d5) 20. Nf4 Bh6 ({RR} 20... Bf7 21. Rxe8 Kxe8 22. hxg4 Qxg4 23. Be2 Qd7 24. Bxh5 Bd6) 21. Bh7 {Aronian,L (2739)-Anand,V (2799) Nice 2008 CBM 123 Extra [Aronian,Levon] 1-0 (50)} {RR} Rg7 22. h4 Qxf4 23. gxf4 Rxh7 24. Nb3) ({RR} 6... g6 7. Qc2 Qe7 8. g3 Bg7 9. Bg2 O-O 10. Rc1 c5 11. cxd5 cxd4 12. Qxc8 Rxc8 13. Rxc8+ Kh7 14. h4 Bf6 15. Ne4 exd5 16. Nxf6+ Qxf6 17. O-O Kg7 18. Rfc1 d3 19. exd3 Qxb2 20. Re1 Qxa2 21. g4 {Bu Xiangzhi (2676)-Hovhannisyan,R (2607) Benasque ESP 2023 1-0 (39)}) ({RR} 6... Nd7 7. Rc1 c6 8. g3 g5 9. h3 Bg7 10. Bg2 O-O 11. O-O Qe7 12. g4 f5 13. gxf5 exf5 14. cxd5 cxd5 15. Qb3 {½-½ (15) Jakovenko,D (2736)-Gelfand,B (2758) Khanty-Mansiysk 2009}) 7. e3 c5 $146 ({RR} 7... g6 8. Bxc4 Bg7 9. O-O O-O 10. b4 Qe7 11. Rb1 Nd7 12. Qc2 c6 13. a4 b6 14. a5 Rb8 15. Rfc1 Bb7 16. Bd3 Rfc8 17. a6 Ba8 18. e4 c5 19. bxc5 bxc5 20. Rxb8 Rxb8 21. dxc5 Rc8 22. Nb3 {Nikolic,P (2631)-Roiz,M (2605) Valjevo 2007 ½-½ (86)}) ({RR} 7... g6 8. Rc1 Nd7 9. Nxc4 Bb4+ 10. Ncd2 c6 11. a3 Bxd2+ 12. Nxd2 O-O 13. Bc4 b6 14. O-O Bb7 15. b4 a5 16. Be2 axb4 17. axb4 c5 18. Bb5 cxd4 19. Bxd7 dxe3 20. fxe3 Qg5 21. e4 Rfd8 22. Rc7 {Nikolic,P (2631)-Pavasovic,D (2567) Valjevo 2007 1-0 (35)}) 8. Bxc4 cxd4 9. exd4 Bb4 10. O-O O-O 11. Ne4 Qf4 12. Qd3 Bd7 13. g3 Qf5 14. Qe3 Bc6 15. Bd3 Nd7 16. a3 Be7 17. Rac1 Qd5 18. Rfe1 Rac8 19. h4 Rfd8 20. b4 a6 21. Qf4 b5 22. Re3 Ba8 23. Rxc8 Rxc8 24. Ne5 Nxe5 25. Qxe5 f5 26. Qxd5 Rc1+ 27. Bf1 Bxd5 28. Nd2 f4 29. Rd3 h5 30. gxf4 Bxh4 31. Nb3 Re1 32. Re3 0-1

[Event "Airthings Masters Play-In"]
[Site "chess.com INT"]
[Date "2023.02.03"]
[Round "5"]
[White "Dubov, Daniil"]
[Black "Bluebaum, M."]
[Result "1/2-1/2"]
[WhiteElo "2708"]
[BlackElo "2663"]
[PlyCount "63"]
[EventDate "2023.02.03"]

1. d4 d5 2. c4 e6 3. Nf3 Nf6 4. g3 Nc6 5. Bg2 Bd6 6. O-O O-O 7. a3 ({RR} 7. b3 dxc4 8. bxc4 e5 9. c5 Be7 10. dxe5 Qxd1 11. Rxd1 Ne4 12. Ba3 Bxc5 13. e3 Be6 14. Rc1 Rfd8 15. Ne1 Bxa3 16. Nxa3 Ng5 17. Nb5 Nh3+ 18. Bxh3 Bxh3 19. Nxc7 Rac8 20. Nb5 Nxe5 21. Rxc8 Rxc8 {Giri,A (2748)-Firouzja,A (2766) Zagreb 2025 0-1 (41)}) 7... dxc4 ({RR} 7... a5 8. Qc2 a4 9. Bg5 Bd7 10. Nbd2 h6 11. Bxf6 Qxf6 12. e3 Na5 13. c5 Be7 14. Ne5 Bb5 15. Rfe1 g5 16. Bf1 Be8 17. e4 dxe4 18. Nxe4 Qg7 19. Rad1 Nb3 20. Nc3 Rd8 21. d5 Bxc5 22. dxe6 {Iskusnyh,S (2440)-Bluebaum,M (2660) chess.com INT 2025 0-1 (42)}) 8. Nbd2 Na5 9. Qa4 c5 $146 ({RR} 9... b6 10. Ne5 Bb7 11. Bxb7 Nxb7 12. Nc6 Qd7 13. Qxc4 Bc5 14. dxc5 Qxc6 15. cxb6 Qxc4 16. Nxc4 cxb6 17. Bg5 Rac8 18. Rac1 Ne4 19. Be3 f6 20. Rfd1 Rfd8 21. Rxd8+ Rxd8 22. f3 Nec5 23. Nd2 e5 24. b4 {Pipiras,F (2272)-Jyotshnav Talukdar (2205) Sant Boi ESP 2025 ½-½}) ({RR} 9... b6 10. Ne5 Bb7 11. Bxb7 Nxb7 12. Ndxc4 h6 13. Rd1 Qe8 14. Qa6 Bxe5 15. Nxe5 Nd6 16. Bd2 Nd5 17. Rac1 f6 18. Nc6 Qh5 19. Qd3 Rf7 20. e4 Ne7 21. Nxe7+ Rxe7 22. Bb4 Rd8 23. Qa6 Red7 24. Bxd6 {Amin,B (2628)-Larkin,V (2467) Sweden SWE 2026 1-0 (58)}) 10. Nxc4 Nxc4 11. Qxc4 cxd4 12. Qxd4 Qe7 13. Bf4 Bxf4 14. Qxf4 Bd7 15. Ne5 Bb5 16. Rfe1 Nd5 17. Bxd5 exd5 18. Nf3 Rac8 19. Nd4 Bd7 20. Rac1 Rc4 21. Rxc4 dxc4 22. Qc7 Qf6 23. Qxd7 Rd8 24. Qxb7 Qxd4 25. Rc1 h5 26. h4 Re8 27. e3 Rxe3 28. Qc8+ Kh7 29. Qf5+ Kg8 30. Qc8+ Kh7 31. Qf5+ Kg8 32. Qc8+ 1/2-1/2

[Event "Candidates Tournament"]
[Site "Berlin"]
[Date "2018.03.15"]
[Round "5"]
[White "Caruana, Fabiano"]
[Black "Karjakin, Sergey"]
[Result "1/2-1/2"]
[WhiteElo "2784"]
[BlackElo "2763"]
[Annotator "Fernandez,Daniel Howard"]
[PlyCount "61"]
[EventDate "2018.03.10"]
[EventType "tourn"]
[EventRounds "14"]
[EventCountry "GER"]
[EventCategory "22"]
[SourceTitle "CBM 184"]
[Source "ChessBase"]
[SourceDate "2018.05.16"]
[SourceVersion "1"]
[SourceVersionDate "2018.05.16"]
[SourceQuality "1"]

1. d4 Nf6 2. c4 e6 3. g3 d5 4. Bg2 Be7 5. Nf3 O-O 6. Qb3 {Opting for a relative backwater of the Catalan complex.} c6 (6... c5 {is often played but my guess is that Black didn't want to allow his opponent an IQP type position.}) 7. O-O dxc4 {I'm not sure whether it's permissible to give this '?!', however one thing is certain, this move deserts the centre a bit and Black isn't forcing through ...c5, which normally constitutes compensation for that.} (7... Nbd7 {is the main move, intending sensible development with ...b6 or else some Dutch-type thing. There could follow, for instance,} 8. Bf4 a5 9. Rc1 h6 10. a4 Ne4 $5 $132 {as played in an Olympiad game between two people who are currently in Berlin, though for different reasons! Giri,A-Aronian,L Istanbul 2012}) 8. Qxc4 b5 9. Qc2 Bb7 10. Nbd2 {This is not terribly incisive.} (10. Bg5 $1 {should be a virtually automatic pick- I don't see what Black's way of arranging ...c5 could be.} Nbd7 11. Bxf6 Nxf6 (11... Bxf6 12. Nbd2 Qc7 13. Rfc1 Rfc8 14. Ne4 Be7 15. a4 $14 {and Black will be suffering for a while}) (11... gxf6 12. Nc3 Qb6 13. a4 b4 14. a5 Qa6 15. Na4 {is painful to look at, even if it is somehow sound for Black.}) 12. Nbd2 a5 (12... c5 $6 13. dxc5 Rc8 14. b4 a5 15. a3 $16 {was the rather anticlimatic continuation in the only practical test, Shvidler,E -Kundin,A Tel Aviv 1995}) 13. Nb3 Nd7 14. a4 Qb6 15. Rfc1 $36 {White has continuing pressure against the Black queenside.}) 10... c5 $1 {Just like that, White's opening ideas are all neutralised. Neither can this have been a great secret to either player- it's been seen multiple times before.} 11. dxc5 Na6 12. Nb3 Be4 13. Qc3 Rc8 14. Be3 (14. Qa5 Qxa5 15. Nxa5 {is one way of trying to squeeze blood from a stone (15...xc5 16.d4 etc.) however Black has decent replies, one of which is} Bxc5 $11) 14... Nd5 15. Qd2 ({RR} 15. Qd4 Bxf3 16. Bxf3 Nxe3 {½-½ (19) Roshka,Y (2507)-Adhiban,B (2536) Darfo Boario Terme ITA 2026}) 15... Bxf3 16. Bxf3 Nxe3 17. Qxe3 Nxc5 18. Nxc5 Bxc5 19. Qb3 Qb6 {By this point, everyone in the commentary room, and for that matter the world, was already aware that the game would be a draw.} 20. e3 Be7 $146 ({RR} 20... Rfd8 21. Rfd1 {½-½ (21) Moreno Perez,T (2242)-Bertona,F (2410) Buenos Aires 2022}) ({RR} 20... Rfd8 21. Rfd1 {½-½ (21) Moreno Perez,T (2242)-Bertona,F (2410) Buenos Aires 2022}) 21. Rfd1 Rc7 22. Rac1 Rfc8 23. Rxc7 Rxc7 24. Kg2 g6 25. Rd2 Kg7 26. Rc2 Rxc2 27. Qxc2 Qc5 28. Qxc5 Bxc5 29. b3 f5 30. a4 bxa4 31. bxa4 {The requisite 30 moves have been made.} 1/2-1/2

[Event "Titled Tue 4th Jul Late"]
[Site "chess.com INT"]
[Date "2023.07.04"]
[Round "8"]
[White "Paravyan, D."]
[Black "Mamedov, Rau"]
[Result "0-1"]
[WhiteElo "2612"]
[BlackElo "2636"]
[PlyCount "62"]
[EventDate "2023.07.04"]

1. d4 d5 2. c4 e6 3. Nf3 c5 4. cxd5 exd5 5. g3 Nc6 6. Bg2 Nf6 7. O-O Be7 8. dxc5 Bxc5 9. a3 Ne4 10. b4 Be7 11. Nfd2 ({RR} 11. Bb2 Bf6 12. Bxf6 Qxf6 13. Qxd5 Be6 14. Qxe4 Qxa1 15. b5 Nd8 16. Qb4 Qf6 17. Nc3 Qe7 18. Nd4 Rc8 19. Ne4 Qxb4 20. axb4 Rc7 21. Ra1 Ke7 22. Nc5 b6 23. Nd3 Kf6 24. f4 Re8 25. Ne5 Bd7 {Tabatabaei,M (2664)-Van Foreest,J (2678) Chennai 2022 ½-½ (109)}) ({RR} 11. Bb2 Bf6 12. Qb3 Be6 13. Nbd2 O-O 14. Rad1 Qe7 15. Qc2 Bf5 16. Bxf6 Qxf6 17. Nxe4 Bxe4 18. Qd2 Rfe8 19. b5 Ne5 20. Nxe5 Qxe5 21. e3 Rac8 22. Qd4 b6 23. Qxe5 Rxe5 24. Rd4 Rc5 25. a4 g5 {Lazavik,D (2572)-Mamedov,R (2651) chess.com INT 2024 ½-½ (60)}) 11... Bf6 ({RR} 11... f5 12. Bb2 Bf6 13. Bxf6 Qxf6 14. Nb3 Be6 15. e3 O-O 16. N1d2 Rac8 17. Nf3 Bf7 18. Nbd4 Ne7 19. Rc1 Rc4 20. Nd2 Rxc1 21. Qxc1 Rc8 22. Qb2 Nd6 23. Rc1 g5 24. Rxc8+ Nexc8 25. Qc3 f4 26. gxf4 {Wecker,M (2097)-Lymar,V (2263) Schwaebisch Gmuend GER 2026 ½-½ (32)}) 12. Ra2 Bf5 13. Bb2 $146 ({RR} 13. b5 Ne7 14. Nxe4 Bxe4 15. Bxe4 dxe4 16. Qxd8+ Rxd8 17. Nd2 Rd4 18. a4 O-O 19. Nb3 Rc4 20. Na5 Rc7 21. Bf4 Rd7 22. Rc1 Nd5 23. Rc4 Re8 24. Rac2 g5 25. Rc8 Rxc8 26. Rxc8+ Kg7 27. Be3 Nxe3 {Manor,I (2469)-Gorodetzky,M (2325) Israel ISR 2024 0-1 (43)}) 13... O-O 14. e3 Bxb2 15. Rxb2 Qf6 16. Rb3 Rfd8 17. Qc1 Rac8 18. Qb2 Ne5 19. Qd4 b6 20. a4 Rc2 21. a5 h5 22. axb6 axb6 23. Ra3 h4 24. Ra6 h3 25. Bh1 Nxd2 26. Nxd2 Rxd2 27. Qxd2 Bd3 28. f4 Bxa6 29. Rd1 Nc4 30. Qd4 Qxd4 31. Rxd4 Nxe3 0-1

[Event "Titled Tue 1st Aug Early"]
[Site "chess.com INT"]
[Date "2023.08.01"]
[Round "10"]
[White "Andreikin, D."]
[Black "Pichot, A."]
[Result "1-0"]
[WhiteElo "2729"]
[BlackElo "2642"]
[PlyCount "61"]
[EventDate "2023.08.01"]

1. d4 Nf6 2. c4 e6 3. Nf3 d5 4. Bg5 h6 5. Bxf6 Qxf6 6. e3 c6 7. Nbd2 Nd7 ({RR} 7... g6 8. g3 Bg7 9. Bg2 O-O 10. O-O Qe7 11. Rc1 b6 12. Qa4 Bb7 13. Ne5 c5 14. cxd5 exd5 15. Ndf3 Na6 16. Rfd1 Nc7 17. h4 Ne6 18. h5 gxh5 19. Re1 Rfc8 20. Rcd1 Nf8 21. Bh3 Rc7 22. Nh4 {Gharibyan,M (2487)-Pasti,A (2388) Katowice POL 2026 ½-½ (123)}) ({RR} 7... g6 8. Bd3 Bg7 9. e4 O-O 10. e5 Qe7 11. c5 b6 12. b4 a5 13. a3 axb4 14. axb4 Rxa1 15. Qxa1 bxc5 16. bxc5 Ba6 17. Bxa6 Qa7 18. Ke2 Qxa6+ 19. Qxa6 Nxa6 20. Rb1 Ra8 21. Rb7 Nb8 22. Ne1 {Andreikin,D (2695)-Materia,M (2489) chess.com INT 2025 1-0 (59)}) 8. Bd3 g5 9. O-O ({RR} 9. h3 Bg7 10. e4 e5 11. O-O O-O 12. Re1 exd4 13. cxd5 cxd5 14. Rc1 Qd6 15. Bb1 d3 16. Bxd3 Rd8 17. exd5 Nb6 18. Nc4 Nxc4 19. Rxc4 Qxd5 20. Re8+ Rxe8 21. Bh7+ Kxh7 22. Qxd5 Be6 23. Qd3+ Kg8 {Wang,Y (2739)-Topalov,V (2796) Nice 2009 0-1 (34)}) 9... g4 $146 ({RR} 9... Bg7 10. e4 O-O 11. e5 Qe7 12. cxd5 exd5 13. h3 f6 14. exf6 Bxf6 15. Re1 Qg7 16. b4 h5 17. Nb3 g4 18. hxg4 hxg4 19. Nfd2 Bxd4 20. Nxd4 Qxd4 21. Re3 Nf6 22. a3 Bd7 23. Nb3 Qf4 24. g3 {Riazantsev,A (2634)-Pichot,A (2625) Warsaw 2021 ½-½ (54)}) 10. Ne1 h5 11. f4 Bd6 12. c5 Bc7 13. b4 a6 14. Bc2 Qg7 15. Nd3 f5 16. a4 Nf6 17. Ne5 h4 18. b5 a5 19. Bd3 Nd7 20. bxc6 Nxe5 21. cxb7 Bxb7 22. fxe5 Bd8 23. Rb1 Bg5 24. Qe2 O-O 25. Rb6 Bc8 26. Kh1 Ra7 27. Nb1 Raf7 28. Nc3 f4 29. Qxg4 fxe3 30. Rxf7 Rxf7 31. Rb8 1-0

[Event "Global Chess League 2023"]
[Site "Dubai UAE"]
[Date "2023.06.24"]
[Round "4.3"]
[White "Dubov, Daniil"]
[Black "Erigaisi, Arjun"]
[Result "1/2-1/2"]
[WhiteElo "2716"]
[BlackElo "2702"]
[PlyCount "61"]
[EventDate "2023.06.22"]
[WhiteTeam "Chingari Gulf Titans"]
[BlackTeam "SG Alpine Warriors"]

1. d4 d5 2. c4 e6 3. Nf3 Nf6 4. g3 Bb4+ 5. Bd2 Be7 6. Bg2 Nbd7 7. O-O c6 8. Qc2 Ne4 9. a3 $146 ({RR} 9. Nc3 Nxd2 10. Nxd2 O-O 11. e4 dxe4 12. Ndxe4 f5 13. Nd2 e5 14. d5 c5 15. Rae1 a6 16. Kh1 Bd6 17. a4 Nf6 18. Nf3 e4 19. Ng5 h6 20. Ne6 Bxe6 21. dxe6 Qe8 22. f3 Qh5 23. Kg1 Rae8 {Iturrizaga Bonelli,E (2577)-Kvaloy,A (2467) chess.com INT 2024 ½-½ (63)}) ({RR} 9. Nc3 f5 10. Rad1 Nxd2 11. Rxd2 O-O 12. e3 Bd6 13. Rb1 a5 14. Ne2 Qe7 15. Nf4 Nf6 16. c5 Bc7 17. Nd3 Bd7 18. Nfe5 Be8 19. Rc1 g5 20. f3 Kh8 21. Re2 Qg7 22. Rb1 g4 23. f4 h5 {Gelfand,B (2652)-Praggnanandhaa,R (2779) Samarkand UZB 2025 0-1 (65)}) ({RR} 9. Nc3 Nxd2 10. Nxd2 O-O 11. Rfd1 Rb8 12. e4 dxc4 13. Nxc4 b5 14. Ne3 Qb6 15. a4 a6 16. e5 c5 17. a5 Qa7 18. d5 Nxe5 19. d6 Bd8 20. Ne4 c4 21. b3 f5 22. bxc4 fxe4 23. c5 Bb7 {Dogan,U (2195)-Sahin,A (2031) Denizli TUR 2026 ½-½ (43)}) ({RR} 9. Bf4 g5 10. Bc1 f5 11. Nc3 h5 12. Rb1 a5 13. a3 h4 14. b4 hxg3 15. hxg3 axb4 16. axb4 Bf6 17. Rd1 Nb6 18. Nxe4 fxe4 19. Ne5 Bxe5 20. dxe5 Nxc4 21. Bxe4 b5 22. Bg2 Rh6 23. Qc3 Qe7 {Sargsyan,S (2630)-Erigaisi,A (2701) Sharjah UAE 2023 ½-½ (34)}) 9... a5 10. Nc3 Nxd2 11. Nxd2 O-O 12. Rac1 Rb8 13. Qd3 dxc4 14. Nxc4 b5 15. Nd2 Qb6 16. Nce4 c5 17. dxc5 Nxc5 18. Nxc5 Bxc5 19. Nb3 Be7 20. Rc6 Qd8 21. Qxd8 Bxd8 22. Rfc1 Bf6 23. Nxa5 Bxb2 24. Rb1 Bxa3 25. Rc3 Be7 26. Nc6 Bf6 27. Nxb8 Bxc3 28. Rxb5 g6 29. Bb7 Kg7 30. Kg2 h5 31. h4 1/2-1/2

[Event "Titled Tue 19th Dec Early"]
[Site "chess.com INT"]
[Date "2023.12.19"]
[Round "7"]
[White "Korobov, A."]
[Black "Carlsen, M."]
[Result "0-1"]
[WhiteElo "2672"]
[BlackElo "2830"]
[PlyCount "62"]
[EventDate "2023.12.19"]

1. d4 d5 2. c4 e6 3. Nf3 a6 4. c5 Nc6 ({RR} 4... b6 5. cxb6 c5 6. Nc3 Nf6 7. e3 Nbd7 8. b3 cxd4 9. exd4 Qxb6 10. Bd3 Bd6 11. O-O O-O 12. Na4 Qb8 13. Bb2 Bb7 14. Rc1 Ne4 15. Qe2 h6 16. g3 Re8 17. Rfe1 Qa7 18. Rc2 Rac8 19. Rec1 {Vidit,S (2726)-Mamedyarov,S (2782) Chess24.com INT 2021 ½-½ (51)}) ({RR} 4... b6 5. cxb6 c5 6. Nc3 cxd4 7. Nxd4 Qxb6 8. e3 Nf6 9. Be2 Bd6 10. b3 O-O 11. Bb2 Bd7 12. O-O e5 13. Nf3 Bc6 14. a3 Nbd7 15. b4 Rfc8 16. Rc1 Qd8 17. Nd2 Nb6 18. Nb3 Na4 19. Ba1 {Korobov,A (2648)-Zemach,N (2384) Dortmund GER 2024 1-0 (49)}) 5. Nc3 Nf6 6. Bf4 Ne4 ({RR} 6... Nh5 7. Bg5 Be7 8. Bxe7 Qxe7 9. e3 O-O 10. Be2 Rd8 11. O-O Nf6 12. a3 e5 13. b4 Bf5 14. Qb3 exd4 15. exd4 Be4 16. Rad1 Qe6 17. Ng5 Qf5 18. Ngxe4 dxe4 19. d5 Ne5 20. h3 Nf3+ 21. Kh1 {Ohanyan,E (2516)-Svane,R (2624) chess.com INT 2026 1-0 (69)}) 7. e3 $146 ({RR} 7. Rc1 Be7 8. e3 Nxc3 9. Rxc3 b6 10. cxb6 Bb4 11. Bxc7 Bxc3+ 12. bxc3 Qd7 13. Bd3 Bb7 14. O-O f6 15. Nh4 O-O 16. Qc2 f5 17. Rb1 g5 18. Nf3 g4 19. Nd2 Na5 20. f3 h5 21. Qd1 Rae8 {Gunina,V (2425)-Lesbekova,A (1903) FIDE Online Arena INT 2024 0-1 (47)}) 7... g5 8. Be5 f6 9. Nxe4 dxe4 10. Nxg5 Nxe5 11. Nxe4 Nf7 12. Bc4 f5 13. Nc3 Bg7 14. O-O O-O 15. f4 b6 16. Qf3 Rb8 17. c6 b5 18. Bb3 a5 19. Rad1 a4 20. Bc2 Nd6 21. e4 b4 22. Nxa4 fxe4 23. Bxe4 Nxe4 24. Qxe4 Qd5 25. Qc2 Ba6 26. Rf3 Rbd8 27. Kh1 Bb5 28. Nc5 Bxc6 29. Rh3 h6 30. Rg3 Rf7 31. Qg6 Qxc5 0-1

[Event "EU-Cup 35th"]
[Site "Ulcinj"]
[Date "2019.11.16"]
[Round "7.1"]
[White "Andreikin, Dmitry"]
[Black "Adams, Michael"]
[Result "1/2-1/2"]
[WhiteElo "2733"]
[BlackElo "2692"]
[PlyCount "60"]
[EventDate "2019.11.10"]
[EventType "team-swiss"]
[EventRounds "7"]
[EventCountry "MNE"]
[SourceTitle "CBM 193 Extra"]
[Source "ChessBase"]
[SourceDate "2020.01.31"]
[SourceVersion "1"]
[SourceVersionDate "2020.01.31"]
[SourceQuality "1"]
[WhiteTeam "Alkaloid"]
[BlackTeam "Padova Obiettivo"]
[WhiteTeamCountry "MKD"]
[BlackTeamCountry "ITA"]

1. d4 Nf6 2. c4 e6 3. Nf3 d5 4. Bg5 Be7 5. e3 O-O 6. Qc2 c5 ({RR} 6... h6 7. Bxf6 Bxf6 8. h4 c5 9. g4 g6 10. g5 hxg5 11. hxg5 Bg7 12. Nc3 cxd4 13. exd4 Nc6 14. O-O-O Bd7 15. Kb1 Re8 16. Rh4 Rc8 17. Qd2 Qa5 18. c5 b6 19. Bb5 bxc5 20. Bxc6 Bxc6 21. Rdh1 {Andreikin,D (2729)-Radjabov,T (2723) Samarkand UZB 2023 1-0}) ({RR} 6... h6 7. Bxf6 Bxf6 8. h4 g6 9. g4 Bg7 10. g5 h5 11. Nc3 c5 12. O-O-O Nc6 13. Kb1 cxd4 14. exd4 Qa5 15. a3 Rd8 16. Bd3 dxc4 17. Bxc4 Nxd4 18. Nxd4 Rxd4 19. Rxd4 Bxd4 20. Rd1 Bxc3 21. Qxc3 {Andreikin,D (2710)-Rustemov,A (2525) chess.com INT 2026 ½-½ (55)}) ({RR} 6... a6 7. Nbd2 h6 8. Bxf6 Bxf6 9. h4 c5 10. dxc5 Nc6 11. g4 d4 12. g5 d3 13. Qb3 hxg5 14. hxg5 Bxg5 15. Bxd3 Bh6 16. O-O-O f5 17. Rdg1 Rf6 18. Qc3 e5 19. Nxe5 Ne7 20. Ndf3 Be6 21. Bc2 {Andreikin,D (2729)-Msellek,I (2411) Chess.com INT 2022 1-0}) 7. dxc5 Qa5+ 8. Nbd2 Qxc5 9. Rc1 $146 ({RR} 9. a3 dxc4 10. Bxc4 b5 11. Bd3 Qxc2 12. Bxc2 Bb7 13. Bd3 h6 14. Bh4 a6 15. Ke2 Nbd7 16. Rhc1 Rfc8 17. Nb3 Bd5 18. Rxc8+ Rxc8 19. Rc1 Rxc1 20. Nxc1 g5 21. Bg3 Ne4 22. Bc7 Bf6 23. Nd4 Nec5 {Dubov,D (2708)-Vaishali,R (2433) chess.com INT 2023 0-1 (82)}) ({RR} 9. a3 dxc4 10. Bxc4 b5 11. Bd3 Qxc2 12. Bxc2 Bb7 13. Bd3 h6 14. Bh4 a6 15. Ke2 Nbd7 16. Rhc1 Rfc8 17. Nb3 Bd5 18. Rxc8+ Rxc8 19. Rc1 Rxc1 20. Nxc1 g5 21. Bg3 Ne4 22. Bc7 Bf6 23. Nd4 Nec5 {Dubov,D (2708)-Vaishali,R (2433) chess.com INT 2023 0-1 (82)}) 9... h6 10. Bh4 Bd7 11. cxd5 Qxc2 12. Rxc2 Nxd5 13. Bxe7 Nxe7 14. Ne5 Rc8 15. Rxc8+ Nxc8 16. g3 Nd6 17. Bg2 Bb5 18. Ne4 Nxe4 19. Bxe4 Nd7 20. Nxd7 Bxd7 21. Kd2 Rd8 22. Kc3 Rc8+ 23. Kd2 Kf8 24. Rc1 Rxc1 25. Kxc1 b6 26. f4 Ke7 27. Kd2 Kd6 28. a3 f6 29. Bg2 Bb5 30. Kc3 Kc5 1/2-1/2

[Event "chess.com SpeedChess 2022"]
[Site "chess.com INT"]
[Date "2022.12.15"]
[Round "3.27"]
[White "Nakamura, Hi"]
[Black "Nihal, Sarin"]
[Result "0-1"]
[WhiteElo "2768"]
[BlackElo "2670"]
[PlyCount "60"]
[EventDate "2022.11.23"]
[EventType "k.o."]

1. Nf3 d5 2. e3 Nf6 3. c4 e6 4. d4 c5 5. cxd5 exd5 6. Bb5+ Nc6 7. O-O cxd4 8. exd4 Be7 ({RR} 8... Bd6 9. Re1+ Be6 10. Nc3 h6 11. Ne5 O-O 12. Bf4 Rc8 13. Rc1 Bb8 14. Bxc6 bxc6 15. Na4 Ne4 16. f3 Qf6 17. Be3 Ng5 18. Nc5 Rfe8 19. Qd2 Bf5 20. Kh1 Nh7 21. Bf4 Nf8 22. Bg3 Re7 23. Qf2 {Erigaisi,A (2761)-Nosach,R (2310) chess.com INT 2026 1-0 (41)}) 9. Nc3 ({RR} 9. Ne5 Bd7 10. Nxd7 Qxd7 11. Nc3 O-O 12. h3 a6 13. Ba4 b5 14. Bc2 Rac8 15. Be3 Rfe8 16. Qf3 g6 17. Rfd1 b4 18. Na4 Nxd4 19. Bxd4 Rxc2 20. Nb6 Qc6 21. Re1 Ne4 22. Nxd5 Qxd5 23. Rxe4 Rd8 {Gledura,B (2652)-Nepomniachtchi,I (2773) Chess.com INT 2022 1-0 (41)}) ({RR} 9. Re1 O-O 10. Bxc6 bxc6 11. Ne5 Bb7 12. Nc3 Re8 13. Bg5 h6 14. Bh4 c5 15. dxc5 Bxc5 16. Qf3 Be7 17. Rad1 Qb6 18. Bxf6 Bxf6 19. Nd7 Qxb2 20. Nxf6+ gxf6 21. Rxe8+ Rxe8 22. h3 Re6 23. Rb1 d4 {Nihal,S (2687)-Vakhlamov,I (2413) chess.com INT 2025 1-0 (31)}) 9... O-O 10. h3 Bf5 11. Bg5 $146 ({RR} 11. Re1 Bb4 12. Bg5 h6 13. Bxf6 Qxf6 14. Nxd5 Qd6 15. Bxc6 Bxe1 16. Qxe1 bxc6 17. Ne7+ Kh7 18. Nxf5 Qd5 19. Ne3 Qb5 20. Qc3 Rab8 21. b3 a5 22. Rc1 a4 23. Qc2+ Kg8 24. bxa4 Qb4 25. Qxc6 Ra8 {Ozen,B (2369)-Fernandez,D (2458) Chess.com INT 2021 1-0 (31)}) 11... h6 12. Bh4 Rc8 13. Bd3 Ne4 14. Bxe7 Nxe7 15. Ne2 Qb6 16. Rb1 Nc6 17. a3 Rfe8 18. b4 a6 19. Qb3 Rcd8 20. Rfd1 Ne7 21. Rbc1 Qf6 22. Bb1 Nc6 23. Re1 Re7 24. b5 axb5 25. Nc3 Nxc3 26. Rxe7 Qxe7 27. Rxc3 Nxd4 28. Nxd4 Qe1+ 29. Kh2 Bxb1 30. Re3 Qxf2 0-1

[Event "Titled Tue 12th Nov Early"]
[Site "chess.com INT"]
[Date "2024.11.12"]
[Round "11"]
[White "Andreikin, D."]
[Black "Firouzja, Alireza"]
[Result "0-1"]
[WhiteElo "2695"]
[BlackElo "2763"]
[PlyCount "58"]
[EventDate "2024.11.12"]

1. d4 Nf6 2. c4 e6 3. Nf3 d5 4. Bg5 c6 5. e3 Qa5+ 6. Nbd2 Nbd7 7. Bd3 ({RR} 7. a3 Bd6 8. b4 Qd8 9. c5 Bc7 10. Bf4 Bxf4 11. exf4 O-O 12. Bd3 g6 13. O-O Nh5 14. g3 f6 15. Re1 Re8 16. Qc2 Nf8 17. a4 Bd7 18. b5 Re7 19. Nb3 Qc7 20. Qd2 Rae8 21. Rab1 Bc8 {Gabriel,C (2553)-Pelletier,Y (2621) Switzerland 2005 1-0 (48)}) ({RR} 7. a3 h6 8. Bxf6 Nxf6 9. Bd3 dxc4 10. Bxc4 Qd8 11. O-O c5 12. Ne5 a6 13. Qa4+ Bd7 14. Nxd7 Qxd7 15. Qxd7+ Kxd7 16. dxc5 Bxc5 17. Be2 Ke7 18. Bf3 Rab8 19. Rac1 Bd6 20. Ne4 Nxe4 21. Bxe4 b6 {Shafer,L (2255)-Colville,J (2329) Washington DC USA 2026 ½-½ (33)}) 7... dxc4 8. Bxc4 Ne4 9. h4 $146 ({RR} 9. Bf4 Bb4 10. a3 Bxd2+ 11. Nxd2 Nxd2 12. Qxd2 Qxd2+ 13. Kxd2 Nb6 14. Bd3 Nd5 15. Bd6 Kd7 16. Bg3 h5 17. h4 a5 18. e4 Nf6 19. a4 b6 20. Rac1 Ba6 21. f3 Bxd3 22. Kxd3 Rac8 23. Rc3 c5 {Pixton,A (2462)-Sayin,H Playchess.com INT 2004 1-0 (37)}) ({RR} 9. Bf4 g5 10. Bc7 Qxc7 11. Nxe4 h6 12. h4 g4 13. Nfd2 h5 14. Qb3 Be7 15. Rc1 Nb6 {½-½ (15) Schmidt,M-Debitsch,R Schwaebisch Gmuend 1998}) 9... Bb4 10. Bd3 Bxd2+ 11. Nxd2 Nxg5 12. hxg5 Qxg5 13. Ne4 Qxg2 14. Qh5 Nf6 15. Nxf6+ gxf6 16. O-O-O Bd7 17. Qh6 Qg5 18. Qh2 O-O-O 19. Rdg1 Qa5 20. Kb1 Rdg8 21. Rxg8+ Rxg8 22. Qxh7 Rg2 23. Qh8+ Qd8 24. Qh3 Qg8 25. Qh4 Qg5 26. Qh8+ Kc7 27. Qf8 Rxf2 28. a3 Qxe3 29. Rh8 Qxd3+ 0-1